00952nam a2200277 i 4500001001000000003000900010005001700019007000300036008004100039040003000080082002700110100002800137240002800165245009900193250001300292260005100305300002800356336002800384337003500412338002700447500006600474534003700540650002600577650003100603700004000634000024509DO-SdBNP20231024142504.0ta110128s1969 mx r 000 0 spa d aDO-SdBNPbspacBNPHUerda 4a813.5bM587p, 1969222 aMetalious, Graceeautor aPeyton placelEspañol10aPeyton place :bLa caldera del diablo /cGrace Metalious ; traducción, Ginés de la Torre. a11a. ed. aMéxico, D. F. :bConstancia :bDiana,c1969. a442 páginas ;c20 cm. 2rdacontent atextobtxt 2rdamedia asin mediación bn 2rdacarrier avolumennc aIncluye datos biográficos de la autora en la contracubierta pTítulo original:tPeyton place 4aNovela estadounidense 4aLiteratura estadounidense 1 aTorre, Ginés de la,etraducción